000 00736nam a2200193Ii 4500
003 JO-AjNU
008 230605s9999||||xx |||||||||||||| ||und||
040 _aJO-AjNU
_bara
_erda
_cJO-AjNU
041 _aara
050 1 4 _aGF71.A3212 1996
100 3 _aالعنابي، زهر، م.مشارك غربي، فاطمة الزهراء,
_eauthor
_923692
245 0 0 _aالإنسان والبيئة في شعرية ابن خفاجة والرومانسيين الفرنسسين : دراسة مقارنة
264 3 1 _aاربد: دار المتنبي، 1996
300 _a196ص
336 _atext
_btxt
_2rdacontent
337 _aunmediated
_bn
_2rdamedia
338 _avolume
_bnc
_2rdacarrier
650 4 _aالانسان والبيئة
_923693
999 _aA8611
_c12179
_d12179